Differential equations and their applications ; proceedings.

Guardado en:
Autores Corporativos: Czechoslovak Conference on Differential Equations and Their Applications Prague, Czechoslovakia), Ceskoslovenská akademie ved., Jednota ceskoslovenských matematiku a fyziku v Praze.
Formato: Libro
Idioma:English
Publicado: Prague : Pub. House of the Czechoslovak Academy of Sciences, 1963.
Series:Symposia (Ceskoslovenská akademie ved)
Materias:
Etiquetas: Agregar Etiqueta
Sin Etiquetas, Sea el primero en etiquetar este registro!
LEADER 01087cam a22002531a 4500
001 MAT.inmabb005560
008 840703s1963####cs#######b####100#0#eng##
005 20120831165543.0
245 1 0 |a Differential equations and their applications ;  |b proceedings. 
260 |a Prague :  |b Pub. House of the Czechoslovak Academy of Sciences,  |c 1963. 
300 |a 247 p. ;  |c 25 cm. 
490 1 |a Symposia CSAV 
500 |a "Arranged by the Czechoslovak Academy of Sciences and the Association of Czechoslovak Mathematicians and Physicists." 
504 |a Incluye referencias bibliográficas. 
111 2 |a Czechoslovak Conference on Differential Equations and Their Applications  |n (1st :  |d 1962 :  |c Prague, Czechoslovakia) 
710 2 |a Ceskoslovenská akademie ved. 
710 2 |a Jednota ceskoslovenských matematiku a fyziku v Praze. 
830 0 |a Symposia (Ceskoslovenská akademie ved) 
650 0 |a Differential equations  |x Congresses. 
650 0 |a Mathematical physics  |x Congresses. 
084 |a *CODIGO*  |2 MR 
010 |a  64004163  
040 |a DLC/ICU  |c ICU  |d DLC 
859 |p A-2732  |b BIB. MATEMATICA